Statistics for Flags of Territories, Autonomous regions, Islands & Communities

Click here to take the quiz!

General Stats

  • This quiz has been taken 51 times
  • The average score is 79 of 159

Answer Stats

Answer% Correct
England
100%
Isle of Man
100%
Wales
100%
Scotland
97%
Northern Ireland
94%
Guernsey
91%
Greenland
88%
Hong Kong
88%
Puerto Rico
88%
Aruba
85%
Guam
85%
Jersey
85%
Kosovo
85%
American Samoa
82%
Antarctica
82%
Catalonia
82%
Corsica
82%
Curaçao
82%
Faroe Islands
82%
Gibraltar
82%
Macau
82%
New Caledonia
82%
Palestine
82%
Sahrawi Arab Democratic Republic
82%
Sicily
82%
Tibet
82%
Mayotte
79%
French Guiana
76%
Norfolk Island
76%
Sardinia
76%
United States Virgin Islands
76%
Bermuda
74%
French Polynesia
74%
Kurdistan
74%
Niue
74%
Northern Cyprus
74%
Somaliland
74%
Åland
71%
Bonaire
71%
Canary Islands
71%
Cook Islands
71%
Northern Mariana Islands
71%
Sint Maarten
71%
Azores
68%
Belize
68%
Ceuta
68%
Christmas Island
68%
Guadeloupe
68%
Transnistria
68%
Anguilla
65%
Basque / Ikurriña
65%
Cayman Islands
65%
Crimea
65%
Falkland Islands
65%
Montserrat
65%
Saint Pierre and Miquelon
65%
Abkhazia
62%
Barbuda
62%
Flanders
62%
Réunion
62%
South Ossetia
62%
Wallonia
62%
Zanzibar
62%
British Virgin Islands
59%
Cocos / Keeling Islands
59%
Easter Island / Rapa Nui
59%
Galápagos Islands
59%
Melilla
59%
Nevis
59%
Príncipe
59%
Saint Helena
59%
Tokelau
59%
Turks and Caicos Islands
59%
Wallis and Futuna
59%
British Indian Ocean Territory
56%
Madeira
56%
Martinique
56%
Pitcairn Islands
56%
Saba
56%
Saint Martin
56%
South Georgia and the South Sandwich Islands
56%
Tasmania
56%
Wake Island / Wake Atoll
56%
Johnston Atoll
53%
Sámi / Sápmi People
53%
Tristan da Cunha
53%
Ascension Island
50%
Balearic Islands
50%
British Antarctic Territory
47%
East Turkestan / Xinjiang / Kökbayraq
47%
Republic of Artsakh / Nagorno-Karabakh
47%
Republika Srpska
47%
Sint Eustatius
47%
Aboriginal people
44%
Alderney
44%
Autonomous Region of Bougainville
44%
Inner Mongolia
44%
Saint Barthélemy
44%
Vojvodina
44%
Chechnya
41%
Hokkaidō
41%
Midway Atoll
41%
Akrotiri and Dhekelia
38%
French Southern and Antarctic Lands
38%
Ross Dependency / New Zealand Antarctic Territory
38%
Australian Antarctic Territory
35%
Berber people
35%
Cabinda
35%
Puntland
35%
Sark
35%
Chatham Island
32%
Chilean Antarctic Territory
32%
Navassa Island
32%
Assyrian People
29%
Găgăuzia
29%
Alsace
26%
Heligoland
26%
Karakalpakstan
26%
Palmyra Atoll
26%
Aceh
24%
Azad Kashmir
24%
Azawad
24%
Barotseland
24%
Grande Comore / Ngazidja
24%
Juan Fernández Islands
24%
Margarita Island / Neuva Esparta
24%
Rodrigues
24%
Adjara
21%
Ambazonia
21%
Rojava / Autonomous Administration of North and East Syria
21%
Anjouan
18%
Campione d'Italia
18%
South Tyrol
18%
Tamil Eelam
18%
Torres Strait Islander
18%
Bangsamoro
15%
Crimean Tatars
15%
Federation of Bosnia and Herzegovina
15%
Haida People
15%
Mwali / Mohéli
15%
North Caribbean Coast Autonomous Region
15%
South Caribbean Coast Autonomous Region
15%
Buganda
12%
Gilgit Baltistan
12%
Special Region of Yogyakarta
12%
Argentine Antarctic Territory
9%
Galmudug
9%
Labuan
9%
Nunatsiavut
9%
Western Togoland
9%
Guna Yala
6%
Kabylia
6%
Tlicho People / Tłı̨chǫ
6%
Free Papua Movement
3%
Great Lakes Twa People / Batwa People
3%
Ogoniland
3%
People of French Guiana
3%
San Andrés, Providencia and Santa Catalina
3%
Sindhudesh movement
3%

Score Distribution

Percentile by Number Answered

Percent of People with Each Score

Your Score History

You have not taken this quiz